| 000 | 00382 a2200169 4500 | ||
|---|---|---|---|
| 001 | 124298 | ||
| 020 | _a9788541815888 | ||
| 040 | _cEscola Canadense de Niteroi | ||
| 100 | _aPassos, Daniela | ||
| 245 | 1 | 0 | _aConvergências: Português 6 |
| 250 | _a1 ed. | ||
| 260 | _aSão Paulo | ||
| 362 | 0 | _a2016 | |
| 490 | 0 | _aConvergências | |
| 650 | 4 | _aLíngua Portuguesa | |
| 942 | _cBK | ||
| 999 |
_c124298 _d124298 |
||